| 000 | 01024cam a22002771 4500 | ||
|---|---|---|---|
| 001 | e 15002031 | ||
| 003 | DLC | ||
| 005 | 20260227111204.0 | ||
| 007 | cr_||||||||||| | ||
| 008 | 790915r18611828nyuc 000 0beng c | ||
| 010 | _ae 15002031 | ||
| 035 | _a(OCoLC)5377947 | ||
| 040 |
_aU.S. Off. of Educ. Library _cNcGrE _dDLC |
||
| 042 | _apremarc | ||
| 050 | 0 | 0 |
_aLA2317.B13 _bS5 |
| 245 | 0 | 0 | _aSketch of the life and educational labors of Ebenezer Bailey. |
| 260 |
_a[New York?] _c1861. |
||
| 300 |
_a43 p. _bfront. (port.) _c22 cm. |
||
| 500 | _aRepublished from Barnard's American journal of education. | ||
| 500 | _aAppendix: Extracts from "Review of the Mayor's report." Printed 1828. Signed: Ebenezer Bailey. | ||
| 500 | _aNote, p. [5] signed: H. B. [i.e. Henry Barnard] | ||
| 530 | _aAlso available in digital form on the Internet Archive Web site. | ||
| 600 | 1 | 0 |
_aBailey, Ebenezer, _d1795-1839. |
| 700 | 1 |
_aBarnard, Henry, _c1811-1900, _eed. |
|
| 856 | 4 | 1 | _uhttp://hdl.loc.gov/loc.gdc/scd0001.00217206418 |
| 999 |
_c19874 _d19874 |
||